Mots de la langue f'rançaise terminés par "belle" - Statistiques

Statistiques générales
  • Ce quiz a été pris 221 fois
  • Le résultat moyen est 5 sur 16
Statistiques - réponses
Indice Mot % Correct
prune mirabelle
89%
prénom Isabelle
84%
ordure poubelle
84%
insoumise rebelle
72%
impôt gabelle
57%
prénom Annabelle
53%
suite ribambelle
16%
tabouret escabelle
12%
pétale supérieur agrandi et contourné de la corolle des orchidées labelle
10%
petit écrit satyrique libelle
7%
myrtille brimbelle
6%
tombe marquée par une éminence de terre tombelle
6%
partie du front située entre les sourcils glabelle
4%
plaque écailleuse du serpent à sonnettes, produisant un bruit caractéristique cascabelle
1%
ver marin sabelle
1%
ver marin terebelle
1%
Aucun quiz correspondant
Distribution des résultats
% des personnes avec chaque résultat
Percentile par nombre de réponses
Votre historique - résultats
Vous n’avez pas pris ce quiz